000
00327nam a22001457a 4500
020
_a
7161 0006 1
082
_a
658 LOC
100
_a
Lock, Dennis. L
245
_a
Project Management
250
_a
4 edition
260
_a
Haverhill
_b
Gower Press
_c
1968
300
_a
210Pg
_b
ill.;22cm
500
_a
Include Index
942
_c
BK
999
_c
18550
_d
18550